<?xml version="1.0" encoding="UTF-8"?>
<collection xmlns="http://www.loc.gov/MARC21/slim">
 <record>
  <leader>00749nam a2200193 a 4500</leader>
  <controlfield tag="001">1/29719</controlfield>
  <controlfield tag="008">060227s2005    gr        i   00010 gre d</controlfield>
  <datafield tag="020" ind1=" " ind2=" ">
   <subfield code="a">9606309096</subfield>
  </datafield>
  <datafield tag="035" ind1=" " ind2=" ">
   <subfield code="l">31828</subfield>
  </datafield>
  <datafield tag="040" ind1=" " ind2=" ">
   <subfield code="a">GR-PeUP</subfield>
  </datafield>
  <datafield tag="082" ind1="0" ind2="0">
   <subfield code="a">343.096 ΒΛΑ</subfield>
  </datafield>
  <datafield tag="100" ind1="1" ind2=" ">
   <subfield code="a">Βλάχος, Γεράσιμος Μ.</subfield>
  </datafield>
  <datafield tag="245" ind1="1" ind2="0">
   <subfield code="a">Επτάνησος πολιτεία :</subfield>
   <subfield code="b">Ο κανονισμός της Ναυτιλίας (1803/1805) /</subfield>
   <subfield code="c">Γεράσιμος Μ. Βλάχος</subfield>
  </datafield>
  <datafield tag="260" ind1="0" ind2=" ">
   <subfield code="a">Αθήνα :</subfield>
   <subfield code="b">[χ.ο.],</subfield>
   <subfield code="c">2005</subfield>
  </datafield>
  <datafield tag="300" ind1=" " ind2=" ">
   <subfield code="a">69 σ. ;</subfield>
   <subfield code="c">24 εκ.</subfield>
  </datafield>
  <datafield tag="500" ind1=" " ind2=" ">
   <subfield code="a">Περιέχει ευρετήριο</subfield>
  </datafield>
  <datafield tag="650" ind1=" " ind2="4">
   <subfield code="a">Ναυτιλία.</subfield>
  </datafield>
  <datafield tag="650" ind1=" " ind2="4">
   <subfield code="a">Ναυτιλία</subfield>
   <subfield code="x">Δίκαιο.</subfield>
  </datafield>
  <datafield tag="852" ind1=" " ind2=" ">
   <subfield code="a">INST</subfield>
   <subfield code="b">UNIPILB</subfield>
   <subfield code="c">MAIN</subfield>
   <subfield code="e">20060227</subfield>
   <subfield code="h">343.096 ΒΛΑ</subfield>
   <subfield code="p">00150481</subfield>
   <subfield code="q">00150481</subfield>
   <subfield code="t">LOAN</subfield>
   <subfield code="y">0</subfield>
   <subfield code="4">1</subfield>
  </datafield>
 </record>
</collection>
